00606nam a2200205 a 450000100060000000300080000600500170001400800410003103500190007204000270009104100080011808200260012610000180015224500740017026000460024430000290029050400250031965000200034465100360036456381BD-RjUL20211209080405.0161129s1967 pk b 000 0 eng  a(BD-RjUL)56505 aDLCcDLCdBD-RjULbeng aeng 223a954.035bHAM 19670 aHamid, Abdul 10aMuslim separatism in India :ba brief survey 1858-1947 /cAbdul Hamid aLahore :bOxford University Press,c1967. axv, 263, xi p. ;c22 cm. aInclude Bibliography 0aMuslimszIndia. 0aIndiaxPolitics and government.